000 01250nam a22002177a 4500
008 121113t xxu||||| |||| 00| 0 eng d
020 _a0262192888
050 _aQA76.6.Sp8
100 _aSpringer, George
245 _aScheme and the art of programming. /
_cGeorge Springer and Daniel P. Friedman
260 _aNew York:
_bMIT Press,
_cc1990
300 _axxiv, 594 p.:
_bill.;
_c23cm.
500 _aIncludes index.
505 _aContents: Data: Data and operators -- Procedures and recursion -- Data abstraction and numbers -- Data driven recursion -- Locally defined procedures -- Interactive programming -- Procedures as values: Abstracting procedures -- Sets and relations -- Managing state: Using vectors -- Sorting and searching -- Mutation -- Object-oriented programming -- Simulation: objects in action -- Extending the language: Declaring special forms -- Using streams -- Control: Introduction to continuations -- Using continuations -- Appendices: The ASCII character set.
650 _bComputer programming.
650 _aObject-oriented programming (Computer science)
650 _aComputer systems
_x Programming languages: Scheme language
700 _aFriedman, Daniel P.
700 _aSpringer, George
942 _2lcc
_cBK
999 _c2515
_d10015